000 00425nam a2200157 i 4500
001 146955
003 ES-MaACL
005 20230906201739.0
007 t|
008 070919s1903 sp ||||1| spa d
100 1 _aTur, Zudwik.
_9111690
245 1 0 _aUniwersytet Wilenski i jego zuaczenie /
_cZudwik Tur.
260 _aKrakow (Polonia) :
_b[s.n.],
_c1903.
300 _a102 p. ;
_c23 cm.
852 _aES-MaACL
_jT-1119-F-2
999 _c146955
_d146955